Statystyki dla Polacy w Serie A sezon 2019/2020

Kliknij tutaj aby rozwiązać quiz!

Ogólne statystyki

  • Ten quiz został rozwiązany 353 razy
  • Średni wynik to 11 z 15

Statystyki odpowiedzi

KlubPozycjazawodnik% Poprawnych
NapoliPomocnikPiotr Zielinski
99%
JuventusBramkarzWojciech Szczęsny
98%
NapoliNapastnikArkadiusz Milik
97%
FiorentinaBramkarzBartlomiej Dragowski
89%
SampdoriaObrońcaBartosz Bereszynski
89%
SampdoriaPomocnikKarol Linetty
88%
BolognaBramkarzŁukasz Skorupski
86%
SPALObrońcaThiago Cionek
80%
UdineseNapastnikŁukasz Teodorczyk
77%
Hellas VeronaNapastnikMariusz Stępinski
71%
CagliariObrońcaSebastian Walukiewicz
63%
SPALObrońcaArkadiusz Reca
59%
SPALObrońcaBartosz Salamon
49%
Hellas VronaPomocnikPaweł Dawidowicz
45%
GenoaPomocnikFilip Jagiełło
41%

Rozkład punktacji

Percentyl według liczby udzielonych odpowiedzi

Procent ludzi z każdym wynikiem

Twoja historia wyników

Nie rozwiązałeś tego quizu